000 00952nam a22002417a 4500
005 2010081103483.0
010 _aENG-99624
020 _a9789380190129
_c750.00
035 _aEN-83156
037 _bDBAD/PUB
082 _a332.672520954
100 _aSharma, Jagdish Prasad
_911617
245 _aLife insurance corporation of india :
_bmarketing and bussiness /
_cby Jagdish Prasad Sharma
260 _aNew Delhi
_bSatyam Publishing House
_c2010
270 _aN-3/25, Mohan Garden, Uttam Nagar
_bNew Delhi
_e110059
300 _a216p.
_c22cm (Hb)
500 _aIncludes Bibliographical references
650 _aInsurance companies
_911618
650 _aL. I. C. of India
_911619
700 _aSharma, Jagdish Prasad
_911268
942 _2ddc
_cEN
_h332.672520954
_mSHA
999 _c41136
_d41136